Falling into greatness / (Record no. 3742)

MARC details
000 -LEADER
fixed length control field 00789pam a2200253 a 4500
001 - CONTROL NUMBER
control field 3313036
003 - CONTROL NUMBER IDENTIFIER
control field GBCCL
005 - DATE AND TIME OF LATEST TRANSACTION
control field 20241126110502.0
008 - FIXED-LENGTH DATA ELEMENTS--GENERAL INFORMATION
fixed length control field 840105s1984 tnu b 000 0 eng
010 ## -
-- 84001946
020 ## - INTERNATIONAL STANDARD BOOK NUMBER
International Standard Book Number 0840753268 :
Terms of availability $11.95
040 ## - CATALOGING SOURCE
Original cataloging agency DLC
Transcribing agency DLC
Modifying agency DLC
050 00 -
-- BS1430.2
-- .O36 1984
082 00 - DEWEY DECIMAL CLASSIFICATION NUMBER
Classification number 223.206
Edition information 19
Item number OGI
100 1# - MAIN ENTRY--PERSONAL NAME
Personal name Ogilvie, Lloyd John.
9 (RLIN) 551
245 10 - TITLE STATEMENT
Title Falling into greatness /
Statement of responsibility, etc. by Lloyd John Ogilvie.
260 ## - PUBLICATION, DISTRIBUTION, ETC.
Place of publication, distribution, etc. Nashville :
Name of publisher, distributor, etc. T. Nelson,
Date of publication, distribution, etc. c1984.
300 ## - PHYSICAL DESCRIPTION
Extent 220 p. ;
Dimensions 24 cm.
504 ## - BIBLIOGRAPHY, ETC. NOTE
Bibliography, etc. note Includes bibliographical references.
630 00 - SUBJECT ADDED ENTRY--UNIFORM TITLE
Uniform title Bible.
Name of part/section of a work Psalms
General subdivision Criticism, interpretation, etc.
9 (RLIN) 2721
650 #0 - SUBJECT ADDED ENTRY--TOPICAL TERM
Topical term or geographic name entry element Christian life
General subdivision Presbyterian authors.
9 (RLIN) 552
906 ## - LOCAL DATA ELEMENT F, LDF (RLIN)
a 7
b cbc
c orignew
d 1
e ocip
f 19
g y-gencatlg
942 ## - ADDED ENTRY ELEMENTS (KOHA)
Source of classification or shelving scheme Dewey Decimal Classification
Koha item type Books
Holdings
Withdrawn status Lost status Source of classification or shelving scheme Damaged status Not for loan Home library Current Library Shelving location Date acquired Total checkouts Full call number Barcode Date last seen Copy number Price effective from Koha item type
    Dewey Decimal Classification     GRACE BIBLE COLLEGE GRACE BIBLE COLLEGE Biblical Studies 2017-12-06   223.206 OGI 006446 2025-05-01 c.1 2017-12-06 Books
© Grace Bible College Library 2025